000 00376nam a2200145Ia 4500
008 150201s2011 xx 000 0 und d
082 _a624.1821
_bRAM
100 _aRamchandra
245 _aDesign of steel structures-1
250 _a13 th Ed.
260 _bScientific Publishers (India)
_aJodhpur
_c2011
300 _a984p.
700 _aGehlot Virendra
942 _2ddc
_cBK
_01
999 _c5526
_d5526